[Event "Kramnik Challenge 2021"]
[Site "chess24.com INT"]
[Date "2021.08.12"]
[Round "3.8"]
[White "Mendonca, Leon Luke"]
[Black "Liang, Awonder"]
[Result "1/2-1/2"]
[WhiteTitle "GM"]
[BlackTitle "GM"]
[WhiteElo "2537"]
[BlackElo "2587"]
[WhiteFideId "35028561"]
[BlackFideId "2056437"]
[EventDate "2021.08.12"]

1. d4 Nf6 2. c4 e6 3. Nf3 d5 4. Nc3 c5 5. cxd5 Nxd5 6. e3 Nxc3 7. bxc3 cxd4 8.
cxd4 Bb4+ 9. Bd2 Bxd2+ 10. Qxd2 O-O 11. Be2 Nd7 12. O-O b6 13. a4 Bb7 14. a5 Qe7
15. Rfb1 h6 16. Qb4 Qxb4 17. Rxb4 Rfc8 18. Rb2 Kf8 19. Nd2 Ke7 20. f3 Bc6 21.
Kf2 f5 22. Ba6 Rcb8 23. Rc1 Bb7 24. Bd3 Rc8 25. Ra1 Rc7 26. axb6 axb6 27. Rxa8
Bxa8 28. Nc4 Rb7 29. e4 fxe4 30. fxe4 Rb8 31. e5 Bd5 32. Nd6 Ra8 33. Ke3 Ra2 34.
Rxa2 Bxa2 35. Be4 Kd8 36. Kd2 Bb3 37. Bf3 Ba4 38. Kc3 Nb8 39. Kb4 Bc6 40. Kc4
Bxf3 41. gxf3 Nc6 42. f4 Ne7 43. Kb5 h5 44. Kxb6 Nd5+ 45. Kc6 Nxf4 46. Ne4 Ke7
47. Ng5 Nd5 48. Kc5 Nf4 49. Kc6 Nd5 50. Kc5 Nf4 51. Kc6 1/2-1/2

[Event "Kramnik Challenge 2021"]
[Site "chess24.com INT"]
[Date "2021.08.12"]
[Round "4.1"]
[White "Yip, Carissa"]
[Black "Liang, Awonder"]
[Result "0-1"]
[WhiteTitle "IM"]
[BlackTitle "GM"]
[WhiteElo "2404"]
[BlackElo "2587"]
[WhiteFideId "2090732"]
[BlackFideId "2056437"]
[EventDate "2021.08.12"]

1. e4 c6 2. d4 d5 3. Nd2 g6 4. Ngf3 Bg7 5. e5 h5 6. Be2 c5 7. c3 Nc6 8. O-O Nh6
9. Re1 O-O 10. h3 cxd4 11. cxd4 Bf5 12. a3 Qb6 13. Nb3 Be4 14. Nc5 Rad8 15. b4
Nf5 16. Bb2 a5 17. b5 Bxf3 18. Bxf3 Qxb5 19. Rb1 Nxe5 20. Be2 Nc4 21. Ba1 Qc6
22. Nxb7 Rb8 23. Bxc4 dxc4 24. Nxa5 Qd5 25. Bc3 Nh4 26. f3 Rxb1 27. Qxb1 Qg5 28.
Re2 Nxf3+ 29. Kh1 Qg3 30. gxf3 Qxf3+ 31. Rg2 Qxh3+ 32. Kg1 Qxc3 0-1

[Event "Kramnik Challenge 2021"]
[Site "chess24.com INT"]
[Date "2021.08.12"]
[Round "4.2"]
[White "Saduakassova, Dinara"]
[Black "Mendonca, Leon Luke"]
[Result "1/2-1/2"]
[WhiteTitle "IM"]
[BlackTitle "GM"]
[WhiteElo "2483"]
[BlackElo "2537"]
[WhiteFideId "13700090"]
[BlackFideId "35028561"]
[EventDate "2021.08.12"]

1. d4 d5 2. Nf3 Nf6 3. c4 c6 4. g3 dxc4 5. Bg2 b5 6. O-O Bb7 7. b3 cxb3 8. Qxb3
e6 9. Nc3 a6 10. a4 Be7 11. Ne5 O-O 12. axb5 axb5 13. Rxa8 Bxa8 14. Nxb5 Qb6 15.
Qb2 Nbd7 16. Nxd7 Nxd7 17. Na3 c5 18. Qxb6 Nxb6 19. dxc5 Bxc5 20. Nc2 Bxg2 21.
Kxg2 Nd5 22. Ne1 Rc8 23. Nd3 Be7 24. Bd2 Rc2 25. Rd1 f6 26. e4 Nc3 27. Bxc3 Rxc3
28. Nf4 Kf7 29. Rd7 Rc4 30. Kf3 Rc3+ 31. Kg2 Rc4 32. Kf3 Rc3+ 33. Kg2 1/2-1/2

[Event "Kramnik Challenge 2021"]
[Site "chess24.com INT"]
[Date "2021.08.12"]
[Round "4.3"]
[White "Sokolovsky, Yahli"]
[Black "Lei, Tingjie"]
[Result "0-1"]
[WhiteTitle "FM"]
[BlackTitle "GM"]
[WhiteElo "2415"]
[BlackElo "2505"]
[WhiteFideId "2820242"]
[BlackFideId "8605114"]
[EventDate "2021.08.12"]

1. e4 e5 2. Nf3 Nc6 3. Bb5 Nf6 4. O-O Nxe4 5. Re1 Nd6 6. Nxe5 Be7 7. Bf1 Nxe5 8.
Rxe5 O-O 9. d4 Bf6 10. Re1 Re8 11. Bf4 Rxe1 12. Qxe1 Ne8 13. Nc3 Bxd4 14. Nd5 d6
15. Bg5 f6 16. Bh4 g5 17. Bc4 Kg7 18. Qe4 Bxb2 19. Re1 Be5 20. f4 gxh4 21. fxe5
dxe5 22. Bd3 Bf5 23. Qxf5 Qxd5 24. Re4 Rd8 25. Rxh4 h6 26. Qg6+ Kf8 27. Qxh6+
Ke7 28. Qg6 Qc5+ 29. Kh1 Qe3 30. g3 Qg5 31. Rh7+ Kd6 32. Qe4 b6 33. Bb5 Qc1+ 34.
Kg2 Qd2+ 35. Kh3 Qd5 36. Qb4+ c5 37. Qa4 Nc7 38. Bd3 a5 39. Qh4 Qe6+ 40. Kg2 Nd5
41. Kf2 Rd7 42. Rh8 Nb4 43. Be4 Kc7 44. Qh6 Qg4 45. Ra8 Qxe4 46. Ra7+ Kc6 47.
Qxf6+ Rd6 48. Qg5 Qxc2+ 49. Kf3 Qd1+ 50. Kg2 Qd2+ 51. Qxd2 Rxd2+ 52. Kf3 Rxh2
53. a3 Nd5 54. g4 Rh1 55. Kg2 Ra1 56. g5 Nf4+ 57. Kf3 Rxa3+ 58. Ke4 Rg3 59. Kxe5
Rxg5+ 60. Kxf4 Rd5 0-1

[Event "Kramnik Challenge 2021"]
[Site "chess24.com INT"]
[Date "2021.08.12"]
[Round "4.4"]
[White "Yoo, Christopher Woojin"]
[Black "Zhu, Jiner"]
[Result "1-0"]
[WhiteTitle "IM"]
[BlackTitle "WGM"]
[WhiteElo "2466"]
[BlackElo "2455"]
[WhiteFideId "30909694"]
[BlackFideId "8608059"]
[EventDate "2021.08.12"]

1. e4 c5 2. Nf3 d6 3. Nc3 Nf6 4. e5 dxe5 5. Nxe5 e6 6. g3 Bd6 7. d4 cxd4 8. Qxd4
O-O 9. Bf4 Be7 10. Qxd8 Rxd8 11. Bg2 Ne8 12. O-O f6 13. Nd3 Nc6 14. Be3 Nd4 15.
Rac1 Nxc2 16. Rxc2 Rxd3 17. Rfc1 Rd8 18. Nb5 Bd7 19. Nxa7 Nd6 20. Bb6 Kf8 21.
Rd2 Ke8 22. Rcd1 Nc4 23. Bxb7 Nxd2 24. Bxa8 Rxa8 25. Rxd2 Rb8 26. Be3 Bd8 27.
Rc2 Bb6 28. Nc6 Bxc6 29. Rxc6 Bxe3 30. Rxe6+ Kd7 31. Rxe3 Rxb2 32. a4 Ra2 33.
Re4 f5 34. Rb4 Ke6 35. Kg2 g5 36. h3 h5 37. Kf3 g4+ 38. hxg4 hxg4+ 39. Ke3 Ra3+
40. Kd4 Ra2 41. Ke3 Ra3+ 42. Ke2 Ra2+ 43. Kf1 Kf6 44. Ke1 Kg5 45. Rf4 Kf6 46.
Kd1 Ke5 47. Kc1 Re2 48. Kb1 Rd2 49. a5 Rd6 50. Kc2 Ra6 51. Ra4 Kd5 52. Kd3 Kc5
53. Ra2 Kb5 54. Ke3 Kb4 55. Kf4 Kb3 56. Ra1 Kb2 57. Re1 Rxa5 58. Re5 Ra4+ 59.
Kxf5 Kc3 60. Re4 Ra2 61. Rf4 1-0

[Event "Kramnik Challenge 2021"]
[Site "chess24.com INT"]
[Date "2021.08.12"]
[Round "4.5"]
[White "Shuvalova, Polina"]
[Black "Daggupati, Balaji"]
[Result "0-1"]
[WhiteTitle "IM"]
[BlackTitle "FM"]
[WhiteElo "2507"]
[BlackElo "2429"]
[WhiteFideId "24171760"]
[BlackFideId "2090759"]
[EventDate "2021.08.12"]

1. e4 c5 2. Nf3 e6 3. d4 cxd4 4. Nxd4 Nf6 5. Nc3 Nc6 6. Ndb5 d6 7. Bf4 e5 8. Bg5
a6 9. Na3 b5 10. Nd5 Be7 11. Bxf6 Bxf6 12. c3 Bg5 13. Nc2 O-O 14. a4 bxa4 15.
Rxa4 a5 16. Bc4 Rb8 17. b3 Kh8 18. Nce3 g6 19. O-O f5 20. Be2 Be6 21. Kh1 Bxe3
22. fxe3 fxe4 23. Rxe4 Rxf1+ 24. Bxf1 Qf8 25. Bc4 Qf2 26. Ne7 Bxc4 27. Nxc6 Rf8
28. h3 Bf1 29. Rg4 Be2 30. Qxd6 Bxg4 31. Qxe5+ Qf6 32. hxg4 Qxe5 33. Nxe5 Rb8
34. Nc6 Rxb3 35. Nxa5 Rxc3 36. Kh2 Kg7 37. Nb7 Kf6 38. Nd6 Rxe3 39. Nb5 Kg5 40.
Nd4 Kxg4 41. Nc2 Rd3 42. Ne1 Rc3 0-1

[Event "Kramnik Challenge 2021"]
[Site "chess24.com INT"]
[Date "2021.08.12"]
[Round "4.7"]
[White "Maurizzi, Marc Andria"]
[Black "Murzin, Volodar"]
[Result "1-0"]
[WhiteTitle "IM"]
[BlackTitle "IM"]
[WhiteElo "2488"]
[BlackElo "2505"]
[WhiteFideId "36083534"]
[BlackFideId "44155573"]
[EventDate "2021.08.12"]

1. e4 c6 2. d4 d5 3. e5 Bf5 4. h4 h5 5. Bd3 Bxd3 6. Qxd3 Qa5+ 7. Nd2 e6 8. Nf3
Nh6 9. O-O Nf5 10. c4 Be7 11. a3 O-O 12. b4 Qa4 13. cxd5 cxd5 14. Nb3 Nd7 15.
Bg5 Rfc8 16. Bxe7 Nxe7 17. Rfc1 Nf5 18. Nbd2 Nb6 19. Nf1 Rxc1 20. Rxc1 Nc4 21.
Rc3 Qd7 22. Ng3 Nxg3 23. fxg3 Rc8 24. Ng5 g6 25. Qe2 Nd6 26. Rxc8+ Nxc8 27. g4
hxg4 28. Qxg4 Ne7 29. h5 Nf5 30. Nh3 Qc7 31. hxg6 Qc1+ 32. Kh2 Qh6 33. gxf7+
Kxf7 34. Qg5 Qg7 35. g4 Ne7 36. Qh5+ Kg8 37. Ng5 Ng6 38. Nxe6 Qf7 39. Qf5 Qh7+
40. Kg1 Qh6 41. Ng5 Nh4 42. Qf7+ Kh8 43. Qe8+ Kg7 44. Ne6+ Kh7 45. Qf7+ Kh8 46.
g5 Qg6 47. Qf6+ Kg8 48. Qxg6+ Nxg6 49. Kf2 Kf7 50. Nc7 Ne7 51. Nb5 Kg6 52. Nxa7
Kxg5 53. Ke3 Kf5 54. Nb5 Ke6 55. Nd6 b6 56. Kd3 Nc6 57. Kc3 Ke7 1-0

[Event "Kramnik Challenge 2021"]
[Site "chess24.com INT"]
[Date "2021.08.12"]
[Round "4.8"]
[White "Khademalsharieh, Sarasadat"]
[Black "Abdusattorov, Nodirbek"]
[Result "1/2-1/2"]
[WhiteTitle "IM"]
[BlackTitle "GM"]
[WhiteElo "2494"]
[BlackElo "2634"]
[WhiteFideId "12512214"]
[BlackFideId "14204118"]
[EventDate "2021.08.12"]

1. d4 d6 2. Nf3 g6 3. c4 Bg7 4. g3 Nd7 5. Bg2 e5 6. Nc3 Ne7 7. O-O O-O 8. dxe5
dxe5 9. Qc2 Nf5 10. Rd1 c6 11. e3 Qe7 12. b3 Re8 13. a4 Nf6 14. Ba3 Qc7 15. Nd2
Nh6 16. Nde4 Nxe4 17. Nxe4 Bf5 18. Bd6 Qc8 19. c5 Bxe4 20. Qxe4 a5 21. Rac1 Nf5
22. Qc4 Rd8 23. Rd2 Bf8 24. Rcd1 Bxd6 25. cxd6 Qe6 26. Bh3 h5 27. Kg2 Kg7 28.
Qc3 Qf6 29. d7 Kf8 30. e4 Nd4 31. f4 Qe7 32. fxe5 c5 33. Rxd4 cxd4 34. Qxd4 Qb4
35. Qe3 Kg7 36. e6 fxe6 37. Bxe6 Ra6 38. Bc4 Rd6 39. Rxd6 Qxd6 40. Bb5 Rf8 41.
e5 Qd5+ 42. Kh3 h4 43. e6 hxg3 44. Kxg3 Qd6+ 45. Kg2 Qd5+ 46. Kg3 Qd6+ 47. Kg2
Qd5+ 48. Kg3 1/2-1/2

[Event "Kramnik Challenge 2021"]
[Site "chess24.com INT"]
[Date "2021.08.13"]
[Round "5.1"]
[White "Abdusattorov, Nodirbek"]
[Black "Yip, Carissa"]
[Result "1/2-1/2"]
[WhiteTitle "GM"]
[BlackTitle "IM"]
[WhiteElo "2634"]
[BlackElo "2404"]
[WhiteFideId "14204118"]
[BlackFideId "2090732"]
[EventDate "2021.08.12"]

1. d4 Nf6 2. c4 g6 3. Nc3 Bg7 4. e4 O-O 5. Be2 d6 6. Bg5 c5 7. d5 h6 8. Be3 e6
9. Nf3 exd5 10. cxd5 Re8 11. Nd2 b6 12. a4 Na6 13. O-O Nb4 14. Bf4 a6 15. Bg3
Rb8 16. Qb1 Bf8 17. Nc4 b5 18. axb5 axb5 19. Na3 Bd7 20. b3 Nbxd5 21. Naxb5 Bxb5
22. Nxb5 Nxe4 23. Bc4 Nb6 24. Qd3 d5 25. Bxb8 Qxb8 26. Bxd5 Nxd5 27. Qxd5 Qxb5
28. Ra7 Nd6 29. h4 h5 30. Rd1 Qe2 31. Rda1 Re5 32. Qd1 Qxd1+ 33. Rxd1 Nf5 34. g3
Nd4 35. Rb7 Kg7 36. Ra1 Nf5 37. Raa7 Re7 38. Kf1 Rxb7 39. Rxb7 Kf6 40. Ke2 Be7
41. Kd3 Ke6 42. Ra7 Nd6 43. Rc7 Nf5 44. Kc4 Bd6 45. Ra7 Be7 46. Ra6+ Ke5 47. Kd3
Kd5 48. Ra7 Ke6 49. Kc4 Nd6+ 50. Kd3 Nf5 51. Ra5 Kd5 52. Ra8 Ke6 53. Kc4 Bd6 54.
Ra6 Ke5 55. Kd3 Be7 56. Ra7 Ke6 1/2-1/2

[Event "Kramnik Challenge 2021"]
[Site "chess24.com INT"]
[Date "2021.08.13"]
[Round "5.2"]
[White "Murzin, Volodar"]
[Black "Khademalsharieh, Sarasadat"]
[Result "1/2-1/2"]
[WhiteTitle "IM"]
[BlackTitle "IM"]
[WhiteElo "2505"]
[BlackElo "2494"]
[WhiteFideId "44155573"]
[BlackFideId "12512214"]
[EventDate "2021.08.12"]

1. e4 e5 2. Nf3 Nc6 3. Bb5 a6 4. Ba4 Bc5 5. O-O d6 6. c3 Bd7 7. d4 Ba7 8. Be3
Nge7 9. Nbd2 O-O 10. Re1 Ng6 11. Nf1 b5 12. Bc2 exd4 13. cxd4 Bg4 14. Ng3 Nh4
15. Kh1 Bxf3 16. gxf3 Qf6 17. d5 Nd4 18. f4 Nxc2 19. Qxc2 Nf3 20. Rec1 Qh4 21.
Kg2 Qg4 22. Qe2 Nh4+ 23. Kh1 Qh3 24. Rg1 g6 25. Rac1 f5 26. Rxc7 Bxe3 27. Qxe3
fxe4 28. Qc3 Rf7 29. Rxf7 Kxf7 30. Nxe4 Qxc3 31. bxc3 Nf5 32. Rb1 Rc8 33. f3 Rc4
34. Rb4 Rxb4 35. cxb4 Ke7 36. Nc3 Nd4 37. Kg2 Nc2 38. Kf2 Nxb4 39. Ke3 Nc2+ 40.
Ke4 b4 41. Na4 Kf6 42. Nb6 Na3 43. Nd7+ Ke7 44. Nb8 Nb5 45. Nc6+ Kf6 46. Nxb4 a5
47. Nc6 Nc3+ 48. Kd4 Nxa2 49. Nxa5 Nc1 50. Ke3 Na2 51. Nc4 Ke7 52. Kd4 Nb4 53.
Ne3 h5 54. Kc4 Na2 55. Kd4 Nc1 56. Ke4 Nb3 57. Nc4 Nc5+ 58. Ke3 Nb7 59. Nd2 Kf6
60. Ne4+ Ke7 61. f5 gxf5 62. Ng3 Kf6 63. Kf4 Nc5 64. Nxh5+ Kg6 65. Ng3 Nd3+ 66.
Ke3 Nb4 67. Kd4 Kg5 68. h4+ Kxh4 69. Nxf5+ Kg5 70. Ke4 Nxd5 71. Nxd6 Nf6+ 72.
Ke5 Nd7+ 73. Ke4 Nc5+ 74. Ke3 Ne6 75. Ne4+ Kf5 76. Ng3+ Ke5 77. Ne2 Kf6 78. Nd4
Nxd4 79. Kxd4 Kf5 80. Ke3 Ke5 81. f4+ Kf5 82. Kf3 Kf6 83. Ke4 Ke6 84. f5+ Kf6
85. Kf4 Kf7 86. Kg5 Kg7 87. f6+ Kf7 88. Kf5 Kf8 89. Kg6 Kg8 90. Kg5 Kf7 91. Kf5
Kf8 92. Ke6 Ke8 93. f7+ Kf8 94. Kf6 1/2-1/2

[Event "Kramnik Challenge 2021"]
[Site "chess24.com INT"]
[Date "2021.08.13"]
[Round "5.4"]
[White "Daggupati, Balaji"]
[Black "Bjerre, Jonas Buhl"]
[Result "1-0"]
[WhiteTitle "FM"]
[BlackTitle "GM"]
[WhiteElo "2429"]
[BlackElo "2550"]
[WhiteFideId "2090759"]
[BlackFideId "1444948"]
[EventDate "2021.08.12"]

1. e4 c5 2. Nf3 d6 3. d4 cxd4 4. Nxd4 Nf6 5. Nc3 a6 6. Qe2 e5 7. Nf5 d5 8. Bg5
d4 9. O-O-O Nc6 10. f4 Qa5 11. fxe5 dxc3 12. exf6 Qxa2 13. bxc3 gxf6 14. Bxf6
Rg8 15. Rd5 Rg6 16. Bh4 Be6 17. Kd2 Rc8 18. Qd3 Bxd5 19. exd5 Nb4 20. Qe4+ Kd7
21. Ne3 Nxd5 22. Nxd5 Bh6+ 23. Kd3 Re6 24. Qd4 Rd6 25. Qg4+ Kc6 26. Qxc8+ Kxd5
27. Bg3 Qb1 28. c4# 1-0

[Event "Kramnik Challenge 2021"]
[Site "chess24.com INT"]
[Date "2021.08.13"]
[Round "5.5"]
[White "Zhu, Jiner"]
[Black "Shuvalova, Polina"]
[Result "1-0"]
[WhiteTitle "WGM"]
[BlackTitle "IM"]
[WhiteElo "2455"]
[BlackElo "2507"]
[WhiteFideId "8608059"]
[BlackFideId "24171760"]
[EventDate "2021.08.12"]

1. e4 c6 2. d4 d5 3. f3 dxe4 4. fxe4 e5 5. Nf3 Nd7 6. c3 Ngf6 7. Bd3 Bd6 8. O-O
O-O 9. Bg5 Qb6 10. Nbd2 Qc7 11. Nc4 Re8 12. Bxf6 Nxf6 13. Nxd6 Qxd6 14. Nxe5 Qc7
15. Qf3 Be6 16. Qg3 Nd7 17. Nxd7 Qxd7 18. e5 c5 19. Rf4 cxd4 20. cxd4 Rad8 21.
Rh4 g6 22. Qg5 h5 23. Rf1 Qe7 24. Rf6 Qb4 25. Bxg6 Qe1+ 26. Rf1 Qxf1+ 27. Kxf1
fxg6 28. Qxg6+ Kf8 29. Qf6+ Bf7 30. Rf4 Rd7 31. e6 1-0

[Event "Kramnik Challenge 2021"]
[Site "chess24.com INT"]
[Date "2021.08.13"]
[Round "5.6"]
[White "Lei, Tingjie"]
[Black "Yoo, Christopher Woojin"]
[Result "0-1"]
[WhiteTitle "GM"]
[BlackTitle "IM"]
[WhiteElo "2505"]
[BlackElo "2466"]
[WhiteFideId "8605114"]
[BlackFideId "30909694"]
[EventDate "2021.08.12"]

1. e4 c5 2. Nf3 e6 3. d4 cxd4 4. Nxd4 Nf6 5. Nc3 Nc6 6. Ndb5 Bc5 7. Bf4 O-O 8.
Bc7 Qe7 9. Bd6 Bxd6 10. Qxd6 Qd8 11. O-O-O a6 12. Nd4 Ne7 13. h4 b5 14. h5 h6
15. Be2 Bb7 16. f3 Ne8 17. Qg3 Rc8 18. Kb1 b4 19. Na4 Qa5 20. b3 e5 21. Nf5 Nxf5
22. exf5 Nf6 23. Nb2 Qc5 24. Rd2 Qe3 25. Qe1 d5 26. Nd3 e4 27. Nb2 Rfe8 28. Qd1
Qf4 29. Rd4 Qxf5 30. Na4 a5 31. Rf1 Qe5 32. f4 Qc7 33. g4 e3 34. g5 Ne4 35. gxh6
gxh6 36. Bb5 Re6 37. Qg4+ Kf8 38. Rc1 Ke7 39. f5 Rf6 40. Qh3 Qf4 41. Re1 Qf2 42.
Re2 Qg1+ 43. Kb2 Bc6 44. Bxc6 Rfxc6 45. Rxd5 Kf8 46. f6 Nd2 47. Rexd2 exd2 48.
Rxd2 Qg5 49. Nb6 Qxd2 0-1

[Event "Kramnik Challenge 2021"]
[Site "chess24.com INT"]
[Date "2021.08.13"]
[Round "5.7"]
[White "Mendonca, Leon Luke"]
[Black "Sokolovsky, Yahli"]
[Result "1-0"]
[WhiteTitle "GM"]
[BlackTitle "FM"]
[WhiteElo "2537"]
[BlackElo "2415"]
[WhiteFideId "35028561"]
[BlackFideId "2820242"]
[EventDate "2021.08.12"]

1. d4 Nf6 2. c4 g6 3. Nc3 Bg7 4. e4 d6 5. Nf3 O-O 6. Be2 e5 7. O-O Nc6 8. d5 Ne7
9. Ne1 Nd7 10. Nd3 f5 11. f3 f4 12. Bd2 g5 13. Rc1 Ng6 14. b4 Rf7 15. c5 Bf8 16.
c6 Nf6 17. cxb7 Bxb7 18. Nf2 Bc8 19. g4 fxg3 20. hxg3 Nf4 21. Ng4 h5 22. Nxf6+
Qxf6 23. gxf4 gxf4 24. Rf2 Rg7+ 25. Kh1 Rg3 26. Rh2 Qg5 27. Qf1 h4 28. Be1 h3
29. Nb5 Be7 30. Nxc7 Rb8 31. b5 Bd8 32. Ne6 Bxe6 33. dxe6 Bb6 34. Bf2 Kg7 35.
Bxb6 axb6 36. Rc7+ Kf6 37. Rf7+ Kg6 38. Rf5 Qh4 39. Qf2 Rg8 40. Bf1 Kh6 41. e7
Qxe7 42. Bxh3 Rg1+ 43. Qxg1 Rxg1+ 44. Kxg1 Qg7+ 45. Bg4+ Kg6 46. Bh5+ Kh6+ 47.
Bg6+ 1-0

[Event "Kramnik Challenge 2021"]
[Site "chess24.com INT"]
[Date "2021.08.13"]
[Round "5.8"]
[White "Liang, Awonder"]
[Black "Saduakassova, Dinara"]
[Result "1-0"]
[WhiteTitle "GM"]
[BlackTitle "IM"]
[WhiteElo "2587"]
[BlackElo "2483"]
[WhiteFideId "2056437"]
[BlackFideId "13700090"]
[EventDate "2021.08.12"]

1. e4 e5 2. Nf3 Nc6 3. Bb5 a6 4. Ba4 Nf6 5. d3 d6 6. O-O g6 7. c3 Bg7 8. Re1 O-O
9. Nbd2 h6 10. h3 b5 11. Bc2 d5 12. Nf1 Be6 13. Ng3 Qd6 14. d4 Nxe4 15. Bxe4
dxe4 16. Nxe4 Qd8 17. dxe5 Qxd1 18. Rxd1 Rfd8 19. Re1 Bd5 20. Bf4 g5 21. Bg3 Re8
22. Nf6+ Bxf6 23. exf6 Kh7 24. Bxc7 Rxe1+ 25. Nxe1 Kg6 26. Nc2 Rc8 27. Bd6 Kxf6
28. Ne3 Be6 29. a4 Rd8 30. Bc5 Rd2 31. axb5 axb5 32. Ra6 Nb8 33. Ng4+ Kg6 34.
Ra8 Nd7 35. Bd4 f6 36. Ra6 Bxg4 37. hxg4 Kf7 38. b4 Re2 39. Ra7 Ke6 40. Rb7 Ne5
41. Kf1 Rc2 42. Rb6+ Kf7 43. f3 Rc1+ 44. Kf2 Nd3+ 45. Ke3 Nf4 46. Rxb5 Nxg2+ 47.
Kd2 Rb1 48. Kc2 Re1 49. Rb7+ Ke6 50. b5 Re2+ 51. Kb3 Nf4 52. Rb6+ Kd5 53. Rxf6
Nd3 54. Rf5+ Kd6 55. c4 Nc1+ 56. Kb4 Nd3+ 57. Ka5 1-0

[Event "Kramnik Challenge 2021"]
[Site "chess24.com INT"]
[Date "2021.08.13"]
[Round "6.1"]
[White "Yip, Carissa"]
[Black "Saduakassova, Dinara"]
[Result "1-0"]
[WhiteTitle "IM"]
[BlackTitle "IM"]
[WhiteElo "2404"]
[BlackElo "2483"]
[WhiteFideId "2090732"]
[BlackFideId "13700090"]
[EventDate "2021.08.12"]

1. e4 e5 2. Nc3 Nc6 3. Bc4 Nf6 4. d3 Na5 5. Qf3 Be7 6. Nge2 d6 7. h3 Nxc4 8.
dxc4 Be6 9. b3 Nd7 10. Qg3 g6 11. Bh6 g5 12. Nd5 Rg8 13. h4 Bxd5 14. cxd5 g4 15.
Nc3 Nf6 16. Bg5 Nd7 17. Bxe7 Qxe7 18. O-O-O O-O-O 19. Qe3 Kb8 20. Ne2 Qf6 21.
Ng3 Nb6 22. Kb1 Nc8 23. c4 Ne7 24. Rc1 Qf4 25. Rhf1 Rgf8 26. Nh5 Qxe3 27. fxe3
f5 28. Ng7 Rf7 29. Ne6 Rc8 30. exf5 Rxf5 31. e4 Rxf1 32. Rxf1 c6 33. Kb2 b5 34.
Rf7 Ng8 35. dxc6 Rxc6 36. cxb5 Rc8 37. a4 g3 38. h5 Re8 39. Ng7 Nh6 40. Rf6 Rg8
41. Rxh6 Rxg7 42. Rxd6 Rf7 43. Kc3 Rf4 44. Rd3 Rg4 45. Rf3 h6 46. Kd3 Rg5 47.
Rf5 1-0

[Event "Kramnik Challenge 2021"]
[Site "chess24.com INT"]
[Date "2021.08.13"]
[Round "6.2"]
[White "Sokolovsky, Yahli"]
[Black "Liang, Awonder"]
[Result "0-1"]
[WhiteTitle "FM"]
[BlackTitle "GM"]
[WhiteElo "2415"]
[BlackElo "2587"]
[WhiteFideId "2820242"]
[BlackFideId "2056437"]
[EventDate "2021.08.12"]

1. e4 c6 2. Nf3 d5 3. Nc3 Bg4 4. Be2 e6 5. d4 Nf6 6. h3 Bh5 7. e5 Nfd7 8. g4 Bg6
9. h4 h5 10. gxh5 Bxh5 11. Ng5 Bxe2 12. Qxe2 Qe7 13. Be3 Na6 14. O-O-O O-O-O 15.
Qg4 Nc7 16. h5 Nb6 17. Kb1 f6 18. Nf3 Nc4 19. Bc1 Qb4 20. Ka1 fxe5 21. dxe5 Ne3
22. Qxb4 Nxc2+ 23. Kb1 Nxb4 24. Ng5 Rd7 25. Ne2 Be7 26. a3 Nba6 27. b4 c5 28.
bxc5 Nxc5 29. Nd4 Bxg5 30. Bxg5 Ne4 31. Rdg1 Nxf2 32. Rh2 Nd3 33. h6 gxh6 34.
Bf6 Re8 35. Rxh6 b6 36. Kc2 Nc5 37. Kd2 Kb7 38. Ke3 a6 39. Rhg6 Nb5 40. Nxb5
axb5 41. Rg7 Ra8 42. Rxd7+ Nxd7 43. Ra1 b4 44. a4 Nc5 45. Be7 Rxa4 46. Rxa4 Nxa4
47. Bxb4 Kc6 48. Kd4 Nc5 49. Kc3 Ne4+ 50. Kd4 Kb5 51. Be7 Ka4 52. Kd3 b5 53. Kc2
b4 54. Bf8 b3+ 55. Kb2 d4 0-1

[Event "Kramnik Challenge 2021"]
[Site "chess24.com INT"]
[Date "2021.08.13"]
[Round "6.3"]
[White "Yoo, Christopher Woojin"]
[Black "Mendonca, Leon Luke"]
[Result "1-0"]
[WhiteTitle "IM"]
[BlackTitle "GM"]
[WhiteElo "2466"]
[BlackElo "2537"]
[WhiteFideId "30909694"]
[BlackFideId "35028561"]
[EventDate "2021.08.12"]

1. e4 c5 2. Nf3 d6 3. Nc3 Nf6 4. e5 dxe5 5. Nxe5 a6 6. g3 Nbd7 7. d4 e6 8. Nxd7
Bxd7 9. Bg2 Bc6 10. Bxc6+ bxc6 11. dxc5 Qxd1+ 12. Kxd1 Bxc5 13. Ke2 Ke7 14. Na4
Bd6 15. c4 e5 16. Be3 Rhd8 17. Rhd1 Bc7 18. h3 Rxd1 19. Rxd1 Nd7 20. g4 f6 21.
b4 Ke6 22. Nc3 Bd6 23. a3 g6 24. c5 Be7 25. f4 exf4 26. Bxf4 a5 27. b5 Nxc5 28.
bxc6 Rc8 29. c7 Nd7 30. Nb5 Ne5 31. Bxe5 fxe5 32. Ke3 Bxa3 33. Rd8 Bc5+ 34. Ke4 1-0

[Event "Kramnik Challenge 2021"]
[Site "chess24.com INT"]
[Date "2021.08.13"]
[Round "6.4"]
[White "Shuvalova, Polina"]
[Black "Lei, Tingjie"]
[Result "0-1"]
[WhiteTitle "IM"]
[BlackTitle "GM"]
[WhiteElo "2507"]
[BlackElo "2505"]
[WhiteFideId "24171760"]
[BlackFideId "8605114"]
[EventDate "2021.08.12"]

1. e4 e5 2. Nf3 Nc6 3. Bb5 Nf6 4. O-O Nxe4 5. d4 Nd6 6. Ba4 e4 7. Ne5 Be7 8. Nc3
O-O 9. Bb3 Na5 10. Bf4 Nxb3 11. axb3 Ne8 12. Nxe4 d6 13. Nd3 Nf6 14. Qf3 a6 15.
Rfe1 Nxe4 16. Qxe4 Bf6 17. c4 Rb8 18. h3 g6 19. Bh6 Bf5 20. Qf3 Bg7 21. Bxg7
Kxg7 22. Nf4 Bd7 23. Qg3 Kh8 24. Re2 c6 25. d5 Qf6 26. Rd1 c5 27. Rde1 Rbe8 28.
Rxe8 Rxe8 29. Rxe8+ Bxe8 30. Qe3 Bd7 31. Qd2 b6 32. g4 a5 33. Kg2 Kg7 34. Nd3 a4
35. bxa4 Bxa4 36. b4 Qd4 37. bxc5 bxc5 38. Qb2 Qxb2 39. Nxb2 Bc2 40. g5 h6 41.
h4 hxg5 42. hxg5 Kf8 43. f4 Ke8 44. Kf2 Kd7 45. Ke3 Kc7 46. Kd2 Bf5 47. Kc3 Kb6
48. Kb3 Ka5 49. Ka3 Bc2 50. f5 gxf5 51. Ka2 Kb4 0-1

[Event "Kramnik Challenge 2021"]
[Site "chess24.com INT"]
[Date "2021.08.13"]
[Round "6.5"]
[White "Bjerre, Jonas Buhl"]
[Black "Zhu, Jiner"]
[Result "1-0"]
[WhiteTitle "GM"]
[BlackTitle "WGM"]
[WhiteElo "2550"]
[BlackElo "2455"]
[WhiteFideId "1444948"]
[BlackFideId "8608059"]
[EventDate "2021.08.12"]

1. e4 c5 2. Nf3 d6 3. d4 cxd4 4. Nxd4 Nf6 5. Nc3 a6 6. a4 e6 7. a5 Bd7 8. Be3
Nc6 9. Nb3 Be7 10. Be2 O-O 11. O-O Qc7 12. Bb6 Qb8 13. Qd2 Bd8 14. Rfd1 Bxb6 15.
axb6 Ne8 16. Qg5 h6 17. Qe3 Qd8 18. Rd2 Rb8 19. Rad1 Ne7 20. Na5 Nc8 21. Nc4 Qe7
22. h3 Bc6 23. Na5 Qd8 24. Nc4 Qe7 25. Qd4 Nf6 26. Bf3 Rd8 27. e5 Ne8 28. Bxc6
bxc6 29. exd6 Ncxd6 30. Qc5 Nxc4 31. Qxe7 Nxd2 32. b7 Nf6 33. Qc7 Ne8 34. Qxc6
Kf8 35. Qc5+ Kg8 36. Qa7 1-0